Quiero ser invisible / (Record no. 187965)

MARC details
000 -CABECERA
campo de control de longitud fija 00713nam a2200229 u 4500
005 - FECHA Y HORA DE LA ÚLTIMA TRANSACCIÓN
campo de control 20241016063757.0
008 - ELEMENTOS DE LONGITUD FIJA--INFORMACIÓN GENERAL
campo de control de longitud fija 170208s2009 es r 000 0 spa d
020 ## - NÚMERO INTERNACIONAL NORMALIZADO PARA LIBROS
Número Internacional Estándar del Libro 9788424113001
035 ## - NÚMERO DE CONTROL DEL SISTEMA
Número de control de sistema UPN01000215865
049 ## - COLECCIÓN
Colección I
050 #4 - SIGNATURA TOPOGRÁFICA DE LA BIBLIOTECA DEL CONGRESO
Número de clasificación BF723 S3
Número de documento/Ítem G3.6 2009
100 1# - ASIENTO PRINCIPAL--NOMBRE PERSONAL
Nombre de persona García Iglesias, Carmen,
Fechas asociadas al nombre 1957-
9 (RLIN) 40178
245 10 - MENCIÓN DE TÍTULO
Título Quiero ser invisible /
Mención de responsabilidad, etc. Carmen García Iglesias.
250 ## - MENCIÓN DE EDICIÓN
Mención de edición 2a ed.
260 ## - PUBLICACIÓN, DISTRIBUCIÓN, ETC.
Lugar de publicación, distribución, etc. León, Esp. :
Nombre del editor, distribuidor, etc. Everest,
Fecha de publicación, distribución, etc. 2009.
300 ## - DESCRIPCIÓN FÍSICA
Extensión 33 p. :
Otras características físicas principalmente il. col.
440 #0 - MENCIÓN DE SERIE/ASIENTO SECUNDARIO--TÍTULO
Título Leer es vivir.
Nombre de parte o sección de la obra A partir de 5 años
650 #0 - ASIENTO SECUNDARIO DE MATERIA - TERMINO TEMATICO
Término de materia o nombre geográfico como elemento de entrada Autoestima en niños
9 (RLIN) 356
650 #7 - ASIENTO SECUNDARIO DE MATERIA - TERMINO TEMATICO
Término de materia o nombre geográfico como elemento de entrada Autopercepción en niños
Subdivisión de forma Literatura infantil
Fuente del encabezamiento o término
9 (RLIN) 13529
905 ## - TIPO DE MATERIAL
Tipo de material Infantil
Holdings
Estado de retiro Estado de pérdida Fuente del sistema de clasificación o colocación Estado dañado No para préstamo Código de colección Localización permanente Ubicación/localización actual Ubicación en estantería Fecha de adquisición Total de préstamos Clasificación Código de barras Fecha visto por última vez Fecha del último préstamo Número de copia Tipo de ítem Koha
    Library of Congress Classification     Infantil Bib. Gregorio Torres Quintero Bib. Gregorio Torres Quintero Sala infantil Planta baja 09/09/2022 4 BF723 S3 G3.6 2009 306304 17/04/2023 22/03/2023 1 Libro